000
00349nam a2200145Ia 4500
008
230524s9999 xx 000 0 und d
020
_a
9788120338647
100
_a
Vyuptakesh Sharan
245
0
_a
International Financial Management
250
_a
5th ed.
260
_b
PHI
500
_a
Quantity Number: 5
650
_a
Management
942
_c
BK
999
_c
51364
_d
51364